[Event "Birjand Mehr Mah Cup"]
[Site "Birjand"]
[Date "2018.10.21"]
[Round "4"]
[White "Mizani, Bijan"]
[Black "Akbar Poor, Amir Mohammad"]
[Result "1-0"]
[WhiteElo "1613"]
[BlackElo "1280"]
[PlyCount "64"]
[EventDate "2018.10.20"]
[EventType "tourn"]
[EventRounds "11"]
[EventCountry "IRI"]
[SourceTitle "CBM 187 Extra"]
[Source "ChessBase"]
[SourceDate "2018.11.04"]
[SourceVersion "1"]
[SourceVersionDate "2018.11.04"]
[SourceQuality "1"]

1. d4 Nf6 2. c4 e6 3. Nf3 Bb4+ 4. Bd2 Bxd2+ 5. Qxd2 0-0 6. Nc3 d5 7. cxd5 exd5 8. e3 Bg4 9. Be2 c6 10. 0-0 Nbd7 11. Bd3 Bxf3 12. gxf3 Nh5 13. Qc2 Nb6 14. Bxh7+ Kh8 15. Bd3 g6 16. f4 Qd7 17. Kh1 Qh3 18. Rg1 Qf3+ 19. Rg2 Rfe8 20. Be2 Qh3 21. Bxh5 Qxh5 22. Rag1 Kh7 23. Rg5 Qh4 24. R1g4 Qh3 25. Rg3 Qe6 26. Rh3+ Kg8 27. Ne2 Nd7 28. Ng3 Kg7 29. Nf5+ Kg8 30. Rgh5 gxf5 31. Rh8+ Kg7 32. R3h7+ Kg6 1-0

[Event "Birjand Mehr Mah Cup"]
[Site "Birjand"]
[Date "2018.10.20"]
[Round "2"]
[White "Mizani, Bijan"]
[Black "Ghiyasi, Alborz"]
[Result "1-0"]
[WhiteElo "1613"]
[BlackElo "1037"]
[PlyCount "101"]
[EventDate "2018.10.20"]
[EventType "tourn"]
[EventRounds "11"]
[EventCountry "IRI"]
[SourceTitle "CBM 187 Extra"]
[Source "ChessBase"]
[SourceDate "2018.11.04"]
[SourceVersion "1"]
[SourceVersionDate "2018.11.04"]
[SourceQuality "1"]

1. d4 d5 2. c4 e6 3. Nc3 Nf6 4. Bg5 dxc4 5. e3 Be7 6. Nf3 0-0 7. Bxc4 c6 8. 0-0 b5 9. Bd3 Qc7 10. Rc1 b4 11. Nb5 Qd7 12. Bxf6 Bxf6 13. Be4 cxb5 14. Bxa8 Bb7 15. Bxb7 Qxb7 16. Qb3 a5 17. Rc5 Be7 18. Rc2 Nc6 19. Rfc1 Nd8 20. Rc7 Qa8 21. Rxe7 Nc6 22. Rc7 Nb8 23. d5 Qxd5 24. Qxd5 exd5 25. Rd1 Rd8 26. e4 d4 27. Rxd4 Rxd4 28. Nxd4 g6 29. Rc8+ Kg7 30. Rxb8 a4 31. Rxb5 a3 32. bxa3 bxa3 33. Rb3 h5 34. Rxa3 f6 35. Ra6 Kf7 36. Ra7+ Kf8 37. Ne6+ Kg8 38. Rg7+ Kh8 39. Rxg6 Kh7 40. Rg7+ Kh6 41. Rf7 Kg6 42. Rf8 h4 43. a4 h3 44. a5 hxg2 45. a6 Kh6 46. a7 Kg6 47. a8Q Kh6 48. Rg8 Kh5 49. Qe8+ Kh4 50. Qg6 f5 51. Qh6# 1-0

[Event "Birjand to mark the week Sport N2 1395"]
[Site "Birjand"]
[Date "2016.10.24"]
[Round "2.5"]
[White "Mizani, Javad"]
[Black "Mizani, Bijan"]
[Result "1-0"]
[WhiteElo "1818"]
[BlackElo "1609"]
[PlyCount "35"]
[EventDate "2016.10.24"]
[EventType "tourn"]
[EventRounds "9"]
[EventCountry "IRI"]
[SourceTitle "EXT 2024"]
[Source "ChessBase"]
[SourceDate "2023.10.10"]
[SourceVersion "1"]
[SourceVersionDate "2023.10.10"]
[SourceQuality "1"]

1. e4 e5 2. Nf3 Nc6 3. Bc4 Bc5 4. c3 Nf6 5. d4 exd4 6. cxd4 Bb4+ 7. Nc3 Nxe4 8. 0-0 Nxc3 9. bxc3 Bxc3 10. Ba3 Bxa1 11. Re1+ Ne7 12. Rxe7+ Qxe7 13. Bxe7 Kxe7 14. Qxa1 Re8 15. d5 d6 16. Qxg7 Bf5 17. Qg5+ f6 18. Qxf5 1-0